000 00528nam a2200193Ia 4500
005 20250326144956.0
008 250326s9999 xx 000 0 und d
020 _a0-07-463160-8
037 _aTextbook
040 _aFMSL
_beng
_cFMSL
041 _aeng
_2eng
084 _aX8(J3) N7
_qFMSL
100 _aHeredia Ruth
_9750416
245 0 _aAmul India story
_cHeredia Ruth
260 _aNew Delhi
_bNew Delhi, Tata McGraw Hill
_c1997
300 _axv,297
942 _cTB
_hX8(J3) N7
999 _c1305883
_d1305883